| 000 | 00992naa a22002657u 4500 | ||
|---|---|---|---|
| 001 | 04090 | ||
| 003 | HDC | ||
| 007 | cr cn ---aaaaa | ||
| 008 | 210114p my ||||| |||| 00| 0 eng d | ||
| 040 | _aHDC | ||
| 245 | 0 |
_aMarketeer : Institute of Marketing Malaysia : _bHalal Market - Branding Malaysia as Halal Hub: Call to Action |
|
| 260 |
_aKuala Lumpur: _b Institute of Marketing Malaysia, _c[no year] |
||
| 300 |
_a1 online resource (3 pages) : _billustration |
||
| 336 |
_atext _2rdacontent |
||
| 337 |
_acomputer _2rdamedia |
||
| 338 |
_aonline resource _2rdacarrier |
||
| 500 | _aExtract From: Marketeer (Institute of Marketing Malaysia ) | ||
| 650 |
_aBranding Malaysia _94158 |
||
| 650 |
_aGlobal Halal Hub _9971 |
||
| 650 |
_aHalal market _9582 |
||
| 856 | _zRequest full-text at [email protected] | ||
| 942 | _2lcc | ||
| 942 | _cAR | ||
| 942 | _kEMAG 000064 | ||
| 999 |
_c1415 _d1415 |
||